AZ ACCOR SZÁLLODALÁNC TÖRZSVENDÉG PROGRAMJÁNAK BEMUTATÁSA ÉS VIZSGÁLATA A MERCURE BUDAPEST KORONA PÉLDÁJÁN KERESZTÜL

Bibliográfiai részletek
Szerző: Molnár Vivien Lilla
További közreműködők: Remenyik Dr. Bulcsú
Dokumentumtípus: Projektmunka
Kulcsszavak:törzsvendég program
Mercure Budapest Korona
Accor szállodalánc
Online Access:http://dolgozattar.uni-bge.hu/16311

MARC

LEADER 00000nnm a2200000 i 4500
001 dolg16311
005 20180927145336.0
008 180515suuuu hu o 000 hun d
040 |a BGE Dolgozattár Repozitórium  |b hun 
041 |a hu 
100 1 |a Molnár Vivien Lilla 
245 1 3 |a AZ ACCOR SZÁLLODALÁNC TÖRZSVENDÉG PROGRAMJÁNAK BEMUTATÁSA ÉS VIZSGÁLATA A MERCURE BUDAPEST KORONA PÉLDÁJÁN KERESZTÜL  |c Molnár Vivien Lilla  |h [elektronikus dokumentum] 
246 1 1 |a AZ ACCOR SZÁLLODALÁNC TÖRZSVENDÉG PROGRAMJÁNAK BEMUTATÁSA ÉS VIZSGÁLATA A MERCURE BUDAPEST KORONA PÉLDÁJÁN KERESZTÜL 
516 |a Project_work 
695 |a törzsvendég program 
695 |a Mercure Budapest Korona 
695 |a Accor szállodalánc 
700 1 |a Remenyik Dr. Bulcsú  |e ths 
856 4 0 |u http://dolgozattar.uni-bge.hu/16311/1/projektmunka.pdf  |z Dokumentum-elérés 
856 4 0 |u http://dolgozattar.uni-bge.hu/16311/2/Titkos%C3%ADt%C3%A1si%20k%C3%A9relem%20%20001.pdf  |z Dokumentum-elérés